000 00703nam a22002297a 4500
003 UA-OsUOA
001 51401
007 ta
008 20140904b un ||||| |||| 00| 0 ukr d
090 _a82(477)
_bР88
942 _cBK
040 _aUA-OsUOA
_bukr
_cUA-OsUOA
_dUA-OsUOA
245 _aРусалка Дністрова (фотокопія з видання 1837 р.)
300 _a31+133 с.
955 _a4
041 _aukr
080 _a82(477)
260 _aК.
_bДніпро
_c1972
650 7 _a82 Література. Літературознавство
_2UDC
999 _c431529
_d431529